[Event "European Women's Championship"]
[Site "Vysoke Tatry"]
[Date "2018.04.19"]
[Round "11"]
[White "Danielian, Elina"]
[Black "Warakomska, Anna"]
[Result "1-0"]
[Board "28"]
[WhiteElo "2410"]
[WhiteTitle "GM"]
[WhiteCountry "ARM"]
[WhiteFideId "13300210"]
[WhiteEloChange "4"]
[BlackElo "2306"]
[BlackTitle "WIM"]
[BlackCountry "POL"]
[BlackFideId "1130790"]
[BlackEloChange "-7"]

1. Nf3 {[%clk 1:30:58]} d5 {[%clk 1:30:36]} 2. c4 {[%clk 1:31:06]} c6 {[%clk
1:31:01]} 3. e3 {[%clk 1:31:21]} Nf6 {[%clk 1:30:34]} 4. Nc3 {[%clk 1:31:45]} e6
{[%clk 1:28:17]} 5. b3 {[%clk 1:32:10]} Bd6 {[%clk 1:27:54]} 6. Bb2 {[%clk
1:32:34]} O-O {[%clk 1:27:50]} 7. Qc2 {[%clk 1:32:59]} e5 {[%clk 1:26:28]} 8.
cxd5 {[%clk 1:19:13]} cxd5 {[%clk 1:26:53]} 9. Nb5 {[%clk 1:19:36]} Nc6 {[%clk
1:27:16]} 10. Nxd6 {[%clk 1:20:02]} Qxd6 {[%clk 1:27:41]} 11. Rc1 {[%clk
1:19:59]} Bg4 {[%clk 1:18:45]} 12. Qc5 {[%clk 1:16:01]} Qe6 {[%clk 1:11:34]} 13.
Qb5 {[%clk 1:07:55]} Rfc8 {[%clk 0:57:23]} 14. h3 {[%clk 0:56:54]} Bh5 {[%clk
0:47:29]} 15. g4 {[%clk 0:45:46]} Bg6 {[%clk 0:47:12]} 16. Be2 {[%clk 0:42:26]}
Rab8 {[%clk 0:31:17]} 17. Qa4 {[%clk 0:28:46]} Nd7 {[%clk 0:21:04]} 18. b4 {[%clk
0:24:59]} a6 {[%clk 0:11:37]} 19. Qb3 {[%clk 0:24:33]} b5 {[%clk 0:05:35]} 20.
O-O {[%clk 0:22:01]} Nb6 {[%clk 0:04:37]} 21. d3 {[%clk 0:20:32]} h5 {[%clk
0:02:18]} 22. Nh4 {[%clk 0:08:57]} Bh7 {[%clk 0:01:24]} 23. Kh2 {[%clk 0:03:59]}
Qe7 {[%clk 0:00:46]} 24. Nf3 {[%clk 0:04:01]} hxg4 {[%clk 0:00:55]} 25. hxg4
{[%clk 0:04:26]} e4 {[%clk 0:00:39]} 26. dxe4 {[%clk 0:04:30]} Bxe4 {[%clk
0:01:05]} 27. Rh1 {[%clk 0:03:08]} f6 {[%clk 0:00:34]} 28. Kg1 {[%clk 0:01:42]}
Nc4 {[%clk 0:00:50]} 29. a3 {[%clk 0:01:23]} Qd7 {[%clk 0:00:40]} 30. Rh4 {[%clk
0:01:35]} Nxb2 {[%clk 0:01:06]} 31. Qxb2 {[%clk 0:02:01]} Bxf3 {[%clk 0:00:35]}
32. Bxf3 {[%clk 0:02:27]} Ne5 {[%clk 0:01:04]} 33. Kg2 {[%clk 0:01:17]} Nxf3
{[%clk 0:01:28]} 34. Kxf3 {[%clk 0:01:44]} Qe6 {[%clk 0:01:14]} 35. Kg3 {[%clk
0:00:42]} Rxc1 {[%clk 0:00:56]} 36. Qxc1 {[%clk 0:01:09]} Rc8 {[%clk 0:01:24]}
37. Qb1 {[%clk 0:01:06]} Qe5+ {[%clk 0:01:40]} 38. Kf3 {[%clk 0:01:17]} Rc4
{[%clk 0:01:30]} 39. Rh5 {[%clk 0:00:52]} Qe6 {[%clk 0:00:32]} 40. Qf5 {[%clk
0:30:40]} Qxf5+ {[%clk 0:30:32]} 41. Rxf5 {[%clk 0:30:46]} Rc3 {[%clk 0:28:01]}
42. Rxd5 {[%clk 0:31:11]} Rxa3 {[%clk 0:28:29]} 43. Ke4 {[%clk 0:31:17]} Ra4
{[%clk 0:27:23]} 44. Rd4 {[%clk 0:27:06]} Kf7 {[%clk 0:20:08]} 45. f4 {[%clk
0:25:51]} Ke6 {[%clk 0:17:22]} 46. f5+ {[%clk 0:25:52]} Ke7 {[%clk 0:17:48]} 47.
Kd5 {[%clk 0:26:03]} Ra3 {[%clk 0:14:59]} 48. Re4+ {[%clk 0:24:30]} Kd7 {[%clk
0:15:03]} 49. Kc5 {[%clk 0:17:09]} Rc3+ {[%clk 0:10:40]} 50. Kb6 {[%clk 0:17:27]}
Rc6+ {[%clk 0:10:53]} 51. Ka5 {[%clk 0:17:04]} Rc4 {[%clk 0:09:09]} 52. Re6
{[%clk 0:17:28]} Rxg4 {[%clk 0:09:21]} 53. e4 {[%clk 0:14:26]} g5 {[%clk
0:07:09]} 54. Kxa6 {[%clk 0:14:09]} Rf4 {[%clk 0:07:35]} 55. Kxb5 {[%clk
0:13:59]} g4 {[%clk 0:07:59]} 56. Rxf6 {[%clk 0:13:14]} Rxe4 {[%clk 0:08:24]} 57.
Rg6 {[%clk 0:12:53]} Re5+ {[%clk 0:06:19]} 58. Kb6 {[%clk 0:10:54]} Rxf5 {[%clk
0:06:31]} 59. Rxg4 {[%clk 0:11:17]} Kc8 {[%clk 0:01:38]} 60. Rg8+ {[%clk
0:11:36]} Kd7 {[%clk 0:02:07]} 61. b5 {[%clk 0:11:52]} Rf7 {[%clk 0:02:06]} 62.
Ka6 {[%clk 0:09:49]} Rf1 {[%clk 0:01:30]} 63. b6 {[%clk 0:07:37]} Ra1+ {[%clk
0:01:17]} 64. Kb7 {[%clk 0:08:04]} Rb1 {[%clk 0:01:45]} 65. Rg2 {[%clk 0:08:03]}
Kd8 {[%clk 0:01:21]} 66. Rd2+ {[%clk 0:08:27]} Ke7 {[%clk 0:01:49]} 67. Kc7
{[%clk 0:08:05]} Rc1+ {[%clk 0:02:14]} 68. Kb8 {[%clk 0:08:32]} Rb1 {[%clk
0:02:41]} 69. b7 {[%clk 0:08:59]} Rb3 {[%clk 0:03:08]} 70. Ra2 {[%clk 0:07:19]}
Kd7 {[%clk 0:02:06]} 71. Ka7 {[%clk 0:07:29]} 1-0

[Event "European Women's Championship"]
[Site "Vysoke Tatry"]
[Date "2018.04.19"]
[Round "11"]
[White "Gara, Anita"]
[Black "Eric, Jovana"]
[Result "1/2-1/2"]
[Board "29"]
[WhiteElo "2369"]
[WhiteTitle "IM"]
[WhiteCountry "HUN"]
[WhiteFideId "709751"]
[WhiteEloChange "-2"]
[BlackElo "2300"]
[BlackTitle "WIM"]
[BlackCountry "SRB"]
[BlackFideId "938238"]
[BlackEloChange "2"]

1. e4 {[%clk 1:30:59]} g6 {[%clk 1:30:53]} 2. d4 {[%clk 1:31:10]} Bg7 {[%clk
1:31:11]} 3. Nf3 {[%clk 1:31:32]} d6 {[%clk 1:31:23]} 4. Be2 {[%clk 1:31:03]} Nf6
{[%clk 1:31:03]} 5. Nc3 {[%clk 1:31:28]} O-O {[%clk 1:31:14]} 6. O-O {[%clk
1:31:32]} Nc6 {[%clk 1:30:42]} 7. h3 {[%clk 1:31:30]} e5 {[%clk 1:30:17]} 8. dxe5
{[%clk 1:23:20]} dxe5 {[%clk 1:30:25]} 9. Be3 {[%clk 1:23:40]} Qe7 {[%clk
1:25:18]} 10. Bg5 {[%clk 1:19:13]} Be6 {[%clk 1:20:03]} 11. Nd5 {[%clk 1:18:25]}
Bxd5 {[%clk 1:18:21]} 12. exd5 {[%clk 1:18:47]} Rad8 {[%clk 1:17:23]} 13. c4
{[%clk 1:19:06]} e4 {[%clk 1:16:59]} 14. Nd2 {[%clk 1:17:13]} Nd4 {[%clk
1:13:41]} 15. Re1 {[%clk 1:17:08]} c6 {[%clk 1:05:26]} 16. dxc6 {[%clk 1:14:51]}
bxc6 {[%clk 1:00:17]} 17. Bf1 {[%clk 1:10:57]} Ne6 {[%clk 0:57:17]} 18. Be3
{[%clk 1:03:45]} Nc5 {[%clk 0:53:25]} 19. Qc2 {[%clk 0:53:31]} Nd3 {[%clk
0:51:20]} 20. Bxd3 {[%clk 0:53:55]} exd3 {[%clk 0:51:26]} 21. Qa4 {[%clk
0:54:14]} c5 {[%clk 0:39:02]} 22. Qa3 {[%clk 0:47:31]} Nd7 {[%clk 0:26:34]} 23.
Bd4 {[%clk 0:43:32]} Qd6 {[%clk 0:23:52]} 24. Bxg7 {[%clk 0:43:55]} Kxg7 {[%clk
0:24:17]} 25. Re3 {[%clk 0:43:57]} Nf6 {[%clk 0:22:59]} 26. Rae1 {[%clk 0:32:02]}
Qd4 {[%clk 0:21:44]} 27. b3 {[%clk 0:25:18]} Rfe8 {[%clk 0:17:50]} 28. Qc1 {[%clk
0:24:54]} Rxe3 {[%clk 0:17:00]} 29. Rxe3 {[%clk 0:25:17]} Rd6 {[%clk 0:16:20]}
30. Kf1 {[%clk 0:15:56]} Nh5 {[%clk 0:14:32]} 31. g3 {[%clk 0:13:12]} Rf6 {[%clk
0:12:11]} 32. Nf3 {[%clk 0:11:34]} Nxg3+ {[%clk 0:05:54]} 33. Kg2 {[%clk
0:12:03]} Rxf3 {[%clk 0:05:48]} 34. Kxf3 {[%clk 0:10:43]} d2 {[%clk 0:05:37]} 35.
Qd1 {[%clk 0:11:10]} Nf5 {[%clk 0:04:50]} 36. Re2 {[%clk 0:11:18]} Qd3+ {[%clk
0:04:44]} 37. Kf4 {[%clk 0:07:48]} Qd4+ {[%clk 0:03:27]} 38. Kf3 {[%clk 0:07:48]}
Qd3+ {[%clk 0:03:53]} 39. Kf4 {[%clk 0:08:15]} Qd6+ {[%clk 0:03:23]} 40. Ke4
{[%clk 0:36:02]} Qd4+ {[%clk 0:32:50]} 41. Kf3 {[%clk 0:36:02]} 1/2-1/2

[Event "European Women's Championship"]
[Site "Vysoke Tatry"]
[Date "2018.04.19"]
[Round "11"]
[White "Kovanova, Baira"]
[Black "Mikadze, Miranda"]
[Result "1/2-1/2"]
[Board "30"]
[WhiteElo "2368"]
[WhiteTitle "WGM"]
[WhiteCountry "RUS"]
[WhiteFideId "4164083"]
[WhiteEloChange "-4"]
[BlackElo "2216"]
[BlackTitle "WGM"]
[BlackCountry "GEO"]
[BlackFideId "13603108"]
[BlackEloChange "4"]

1. Nf3 {[%clk 1:30:58]} d5 {[%clk 1:30:58]} 2. c4 {[%clk 1:31:24]} c6 {[%clk
1:31:26]} 3. e3 {[%clk 1:31:47]} Nf6 {[%clk 1:31:51]} 4. Nc3 {[%clk 1:32:14]} e6
{[%clk 1:31:44]} 5. b3 {[%clk 1:31:51]} Bd6 {[%clk 1:31:40]} 6. Bb2 {[%clk
1:32:11]} O-O {[%clk 1:31:22]} 7. Be2 {[%clk 1:30:27]} dxc4 {[%clk 1:30:45]} 8.
bxc4 {[%clk 1:29:28]} e5 {[%clk 1:31:09]} 9. d3 {[%clk 1:28:13]} Re8 {[%clk
1:30:15]} 10. O-O {[%clk 1:23:23]} Na6 {[%clk 1:29:50]} 11. h3 {[%clk 1:19:24]}
Bf5 {[%clk 1:27:09]} 12. Nh4 {[%clk 1:17:24]} Bd7 {[%clk 1:27:18]} 13. Re1 {[%clk
1:16:24]} Rb8 {[%clk 1:19:08]} 14. Bf1 {[%clk 1:14:59]} Bc7 {[%clk 1:14:56]} 15.
Rb1 {[%clk 1:08:53]} Qe7 {[%clk 1:13:21]} 16. e4 {[%clk 1:04:18]} Nc5 {[%clk
1:03:01]} 17. Nf5 {[%clk 0:56:07]} Qf8 {[%clk 1:01:35]} 18. Ba3 {[%clk 0:53:58]}
b6 {[%clk 0:56:59]} 19. Qf3 {[%clk 0:49:07]} g6 {[%clk 0:49:23]} 20. Ng3 {[%clk
0:45:25]} Kg7 {[%clk 0:48:03]} 21. Qe3 {[%clk 0:39:50]} Bd6 {[%clk 0:45:09]} 22.
Nf5+ {[%clk 0:38:04]} Bxf5 {[%clk 0:44:18]} 23. exf5 {[%clk 0:38:10]} Ncd7 {[%clk
0:26:12]} 24. Bc1 {[%clk 0:38:11]} Bc5 {[%clk 0:26:32]} 25. Qg3 {[%clk 0:33:47]}
Kg8 {[%clk 0:20:49]} 26. Ne4 {[%clk 0:32:15]} Nxe4 {[%clk 0:21:14]} 27. Rxe4
{[%clk 0:30:58]} Qg7 {[%clk 0:20:50]} 28. fxg6 {[%clk 0:24:16]} hxg6 {[%clk
0:21:07]} 29. Bb2 {[%clk 0:17:47]} Qf6 {[%clk 0:15:05]} 30. Rbe1 {[%clk 0:17:55]}
Kf8 {[%clk 0:07:50]} 31. Bc1 {[%clk 0:10:08]} Bd4 {[%clk 0:07:42]} 32. Rg4 {[%clk
0:06:40]} Kg7 {[%clk 0:07:08]} 33. h4 {[%clk 0:05:24]} Rh8 {[%clk 0:07:03]} 34.
Be2 {[%clk 0:05:17]} b5 {[%clk 0:06:02]} 35. Bg5 {[%clk 0:00:52]} Qd6 {[%clk
0:06:24]} 36. Be3 {[%clk 0:00:49]} Bxe3 {[%clk 0:05:54]} 37. fxe3 {[%clk
0:01:07]} Nf6 {[%clk 0:02:47]} 38. c5 {[%clk 0:01:29]} Qxc5 {[%clk 0:02:59]} 39.
Rg5 {[%clk 0:01:58]} Qb4 {[%clk 0:02:04]} 40. h5 {[%clk 0:31:42]} Rh6 {[%clk
0:31:32]} 41. Rf1 {[%clk 0:28:28]} Re8 {[%clk 0:28:06]} 42. Bd1 {[%clk 0:23:39]}
Qe7 {[%clk 0:23:30]} 43. Rgf5 {[%clk 0:21:37]} Nd5 {[%clk 0:20:12]} 44. Rxf7+
{[%clk 0:14:42]} Qxf7 {[%clk 0:20:36]} 45. Rxf7+ {[%clk 0:15:08]} Kxf7 {[%clk
0:21:02]} 46. Qg5 {[%clk 0:14:54]} Kg7 {[%clk 0:20:37]} 47. Bf3 {[%clk 0:14:33]}
Re6 {[%clk 0:16:26]} 48. Bxd5 {[%clk 0:10:02]} cxd5 {[%clk 0:16:25]} 49. Qd8
{[%clk 0:10:29]} gxh5 {[%clk 0:15:08]} 50. Qd7+ {[%clk 0:10:14]} Kf6 {[%clk
0:13:03]} 51. Qxb5 {[%clk 0:10:28]} d4 {[%clk 0:13:10]} 52. exd4 {[%clk 0:09:45]}
exd4 {[%clk 0:13:36]} 53. Qc5 {[%clk 0:10:02]} a6 {[%clk 0:12:28]} 54. Qxd4+
{[%clk 0:10:25]} Kf5 {[%clk 0:07:08]} 55. Qc5+ {[%clk 0:08:36]} Kg4 {[%clk
0:05:53]} 56. d4 {[%clk 0:08:29]} Rd6 {[%clk 0:03:51]} 57. Kh2 {[%clk 0:05:08]}
Rd8 {[%clk 0:03:30]} 58. Qe5 {[%clk 0:02:40]} Rhd6 {[%clk 0:03:43]} 59. d5 {[%clk
0:02:30]} R8d7 {[%clk 0:01:49]} 60. g3 {[%clk 0:02:37]} Kf3 {[%clk 0:01:44]} 61.
Qxh5+ {[%clk 0:02:50]} Ke4 {[%clk 0:02:04]} 62. Qd1 {[%clk 0:02:06]} Rxd5 {[%clk
0:01:40]} 63. Qe2+ {[%clk 0:02:17]} Kf5 {[%clk 0:02:07]} 64. Qh5+ {[%clk
0:01:14]} 1/2-1/2

[Event "European Women's Championship"]
[Site "Vysoke Tatry"]
[Date "2018.04.19"]
[Round "11"]
[White "Stetsko, Lanita"]
[Black "Cosma, Elena-Luminita"]
[Result "1/2-1/2"]
[Board "31"]
[WhiteElo "2164"]
[WhiteTitle "FM"]
[WhiteCountry "BLR"]
[WhiteFideId "13505300"]
[WhiteEloChange "5"]
[BlackElo "2340"]
[BlackTitle "WGM"]
[BlackCountry "ROU"]
[BlackFideId "1201590"]
[BlackEloChange "-5"]

1. e4 {[%clk 1:30:56]} e6 {[%clk 1:30:54]} 2. d4 {[%clk 1:31:19]} d5 {[%clk
1:31:19]} 3. exd5 {[%clk 1:31:39]} exd5 {[%clk 1:31:42]} 4. Nf3 {[%clk 1:32:04]}
Bd6 {[%clk 1:32:00]} 5. c4 {[%clk 1:32:14]} Nf6 {[%clk 1:32:22]} 6. Nc3 {[%clk
1:32:22]} O-O {[%clk 1:32:37]} 7. cxd5 {[%clk 1:32:15]} Nbd7 {[%clk 1:32:23]} 8.
Be2 {[%clk 1:31:22]} Nb6 {[%clk 1:32:14]} 9. Bg5 {[%clk 1:30:53]} Be7 {[%clk
1:26:51]} 10. Bxf6 {[%clk 1:25:39]} Bxf6 {[%clk 1:27:16]} 11. Qb3 {[%clk
1:26:03]} a5 {[%clk 1:18:05]} 12. a4 {[%clk 1:21:53]} Bg4 {[%clk 1:09:36]} 13.
O-O {[%clk 1:21:42]} Bxf3 {[%clk 1:05:22]} 14. Bxf3 {[%clk 1:22:17]} Bxd4 {[%clk
1:05:47]} 15. Nb5 {[%clk 1:14:58]} Be5 {[%clk 1:03:36]} 16. Rfe1 {[%clk 1:07:36]}
Nd7 {[%clk 0:53:29]} 17. Rac1 {[%clk 1:01:31]} Bd6 {[%clk 0:51:29]} 18. g3 {[%clk
0:39:06]} Nc5 {[%clk 0:49:59]} 19. Qc4 {[%clk 0:35:14]} Qf6 {[%clk 0:37:18]} 20.
Kg2 {[%clk 0:35:00]} b6 {[%clk 0:32:51]} 21. Re2 {[%clk 0:32:30]} Rae8 {[%clk
0:32:09]} 22. Rce1 {[%clk 0:32:08]} Rxe2 {[%clk 0:31:05]} 23. Rxe2 {[%clk
0:32:31]} g6 {[%clk 0:30:47]} 24. Nd4 {[%clk 0:23:12]} Kg7 {[%clk 0:13:01]}
1/2-1/2

[Event "European Women's Championship"]
[Site "Vysoke Tatry"]
[Date "2018.04.19"]
[Round "11"]
[White "Yildiz Kadioglu, Betul Cemre"]
[Black "Vega Gutierrez, Sabrina"]
[Result "1-0"]
[Board "33"]
[WhiteElo "2286"]
[WhiteTitle "WGM"]
[WhiteCountry "TUR"]
[WhiteFideId "6302920"]
[WhiteEloChange "14"]
[BlackElo "2425"]
[BlackTitle "IM"]
[BlackCountry "ESP"]
[BlackFideId "2219026"]
[BlackEloChange "-7"]

1. d4 {[%clk 1:30:51]} d5 {[%clk 1:30:44]} 2. Nf3 {[%clk 1:31:16]} c6 {[%clk
1:31:02]} 3. c4 {[%clk 1:31:03]} e6 {[%clk 1:31:23]} 4. Qc2 {[%clk 1:31:41]} f5
{[%clk 1:31:12]} 5. Bf4 {[%clk 1:31:20]} Nf6 {[%clk 1:30:42]} 6. g3 {[%clk
1:29:23]} Bd6 {[%clk 1:30:14]} 7. Bg2 {[%clk 1:20:00]} O-O {[%clk 1:30:22]} 8.
O-O {[%clk 1:20:19]} Bxf4 {[%clk 1:30:19]} 9. gxf4 {[%clk 1:20:47]} Ne4 {[%clk
1:24:47]} 10. e3 {[%clk 1:17:00]} Bd7 {[%clk 1:23:39]} 11. Qb3 {[%clk 1:12:43]}
b6 {[%clk 1:22:07]} 12. Ne5 {[%clk 1:07:12]} Be8 {[%clk 1:20:40]} 13. f3 {[%clk
1:05:45]} Nf6 {[%clk 1:20:21]} 14. Nc3 {[%clk 1:04:38]} dxc4 {[%clk 0:47:07]} 15.
Qxc4 {[%clk 1:02:35]} Nd5 {[%clk 0:47:29]} 16. Qd3 {[%clk 0:58:09]} a5 {[%clk
0:39:58]} 17. Ne2 {[%clk 0:53:09]} Na6 {[%clk 0:16:45]} 18. e4 {[%clk 0:53:12]}
Ne7 {[%clk 0:17:14]} 19. Qb3 {[%clk 0:49:32]} Rf6 {[%clk 0:17:41]} 20. Rfd1
{[%clk 0:49:20]} Kh8 {[%clk 0:09:57]} 21. Rac1 {[%clk 0:49:45]} Rc8 {[%clk
0:07:43]} 22. Qe3 {[%clk 0:47:52]} Nb8 {[%clk 0:04:25]} 23. Nc3 {[%clk 0:45:33]}
Rh6 {[%clk 0:04:01]} 24. Rd2 {[%clk 0:40:59]} Ng6 {[%clk 0:04:26]} 25. exf5
{[%clk 0:37:29]} exf5 {[%clk 0:04:29]} 26. Nxg6+ {[%clk 0:31:16]} Rxg6 {[%clk
0:03:32]} 27. d5 {[%clk 0:30:29]} cxd5 {[%clk 0:02:25]} 28. Rxd5 {[%clk 0:30:33]}
Qf6 {[%clk 0:00:32]} 29. Re5 {[%clk 0:18:59]} Qf8 {[%clk 0:00:51]} 30. Ne2 {[%clk
0:16:08]} Rxc1+ {[%clk 0:01:05]} 31. Nxc1 {[%clk 0:15:43]} Bd7 {[%clk 0:00:46]}
32. Ne2 {[%clk 0:11:39]} Nc6 {[%clk 0:00:40]} 33. Rd5 {[%clk 0:12:05]} Rd6 {[%clk
0:01:03]} 34. Rxd6 {[%clk 0:10:07]} Qxd6 {[%clk 0:01:31]} 35. Qxb6 {[%clk
0:10:17]} h6 {[%clk 0:01:42]} 36. Kf2 {[%clk 0:06:45]} Qd2 {[%clk 0:01:51]} 37.
a3 {[%clk 0:07:14]} Kh7 {[%clk 0:01:36]} 38. Bh3 {[%clk 0:07:36]} a4 {[%clk
0:00:36]} 39. Qc5 {[%clk 0:04:20]} g6 {[%clk 0:01:04]} 40. Qc3 {[%clk 0:31:24]}
Qd5 {[%clk 0:31:31]} 41. Bf1 {[%clk 0:29:29]} h5 {[%clk 0:25:42]} 42. Nc1 {[%clk
0:26:10]} Nd4 {[%clk 0:25:00]} 43. Bc4 {[%clk 0:23:11]} Qd6 {[%clk 0:25:28]} 44.
Nd3 {[%clk 0:22:36]} Be6 {[%clk 0:04:21]} 45. Ke3 {[%clk 0:16:10]} Bxc4 {[%clk
0:04:40]} 46. Qxd4 {[%clk 0:15:08]} Qe6+ {[%clk 0:04:14]} 47. Ne5 {[%clk
0:14:57]} Bb5 {[%clk 0:01:56]} 48. Kf2 {[%clk 0:10:43]} Be8 {[%clk 0:02:24]} 49.
Qa7+ {[%clk 0:10:15]} Kh6 {[%clk 0:02:02]} 50. Qc5 {[%clk 0:10:41]} Qf6 {[%clk
0:00:45]} 51. Nd3 {[%clk 0:09:05]} Qe6 {[%clk 0:00:32]} 52. Qe5 {[%clk 0:09:10]}
Qg8 {[%clk 0:00:38]} 53. Qf6 {[%clk 0:08:17]} Kh7 {[%clk 0:00:44]} 54. Qe7+
{[%clk 0:08:36]} Kh6 {[%clk 0:00:54]} 55. Qf6 {[%clk 0:06:30]} Kh7 {[%clk
0:01:22]} 56. Kg3 {[%clk 0:06:28]} Bb5 {[%clk 0:00:35]} 57. Ne5 {[%clk 0:06:38]}
Be8 {[%clk 0:00:45]} 58. Kh4 {[%clk 0:06:58]} Kh6 {[%clk 0:01:08]} 59. Nc4 {[%clk
0:04:26]} Bd7 {[%clk 0:00:32]} 60. Qg5+ {[%clk 0:03:33]} Kh7 {[%clk 0:01:00]} 61.
Qe7+ {[%clk 0:03:45]} Kh6 {[%clk 0:01:26]} 62. Nd6 {[%clk 0:02:36]} Be6 {[%clk
0:01:33]} 63. Ne8 {[%clk 0:02:27]} Qf7 {[%clk 0:00:42]} 64. Qxf7 {[%clk 0:01:07]}
Bxf7 {[%clk 0:01:10]} 65. Nd6 {[%clk 0:01:28]} Bd5 {[%clk 0:01:29]} 66. Kg3
{[%clk 0:01:29]} h4+ {[%clk 0:01:36]} 67. Kxh4 {[%clk 0:01:05]} Bxf3 {[%clk
0:01:52]} 68. Nf7+ {[%clk 0:01:31]} Kg7 {[%clk 0:02:14]} 69. Ne5 {[%clk 0:01:59]}
Be2 {[%clk 0:01:22]} 70. Kg5 {[%clk 0:02:25]} Bh5 {[%clk 0:01:48]} 71. Nd7 {[%clk
0:00:45]} Be2 {[%clk 0:01:39]} 72. Nb6 {[%clk 0:00:39]} Bd1 {[%clk 0:00:39]} 73.
Nc8 {[%clk 0:00:45]} Kf7 {[%clk 0:00:40]} 74. Nd6+ {[%clk 0:01:13]} Kg7 {[%clk
0:00:33]} 75. Nc4 {[%clk 0:01:34]} Be2 {[%clk 0:00:50]} 76. Ne5 {[%clk 0:01:35]}
Bh5 {[%clk 0:01:17]} 77. h3 {[%clk 0:01:34]} Kh7 {[%clk 0:01:45]} 78. Nc6 {[%clk
0:01:45]} Kg7 {[%clk 0:00:32]} 79. Ne7 {[%clk 0:02:12]} Kf7 {[%clk 0:00:56]} 80.
Nxf5 {[%clk 0:02:31]} Be2 {[%clk 0:00:32]} 81. Ne3 {[%clk 0:01:39]} Bd3 {[%clk
0:00:40]} 82. Ng4 {[%clk 0:01:35]} Be4 {[%clk 0:01:01]} 83. Ne5+ {[%clk 0:01:49]}
Kg7 {[%clk 0:01:29]} 84. h4 {[%clk 0:02:15]} Bc2 {[%clk 0:01:50]} 85. Nc6 {[%clk
0:01:49]} Kf7 {[%clk 0:01:16]} 86. Nd4 {[%clk 0:02:16]} Bd1 {[%clk 0:01:30]} 87.
f5 {[%clk 0:01:50]} gxf5 {[%clk 0:01:57]} 88. Kxf5 {[%clk 0:02:17]} Ke7 {[%clk
0:02:14]} 89. Ke5 {[%clk 0:02:43]} 1-0

[Event "European Women's Championship"]
[Site "Vysoke Tatry"]
[Date "2018.04.19"]
[Round "11"]
[White "Prudnykova, Olga"]
[Black "Voit, Daria"]
[Result "0-1"]
[Board "34"]
[WhiteElo "2281"]
[WhiteTitle "WIM"]
[WhiteCountry "UKR"]
[WhiteFideId "14121093"]
[WhiteEloChange "-7"]
[BlackElo "2388"]
[BlackTitle "FM"]
[BlackCountry "RUS"]
[BlackFideId "4182146"]
[BlackEloChange "7"]

1. e4 {[%clk 1:30:57]} c5 {[%clk 1:30:02]} 2. Nf3 {[%clk 1:31:22]} d6 {[%clk
1:30:23]} 3. d4 {[%clk 1:31:47]} cxd4 {[%clk 1:30:48]} 4. Nxd4 {[%clk 1:32:14]}
Nf6 {[%clk 1:31:10]} 5. Nc3 {[%clk 1:32:40]} g6 {[%clk 1:30:01]} 6. Bg5 {[%clk
1:32:37]} Bg7 {[%clk 1:30:12]} 7. Bb5+ {[%clk 1:32:46]} Bd7 {[%clk 1:23:06]} 8.
Qe2 {[%clk 1:32:56]} O-O {[%clk 1:22:04]} 9. O-O-O {[%clk 1:32:15]} a6 {[%clk
1:22:07]} 10. Bxd7 {[%clk 1:32:35]} Nbxd7 {[%clk 1:22:34]} 11. f4 {[%clk
1:32:16]} Qa5 {[%clk 1:21:59]} 12. Nb3 {[%clk 1:30:13]} Qc7 {[%clk 1:22:03]} 13.
Rhe1 {[%clk 1:29:18]} h6 {[%clk 1:12:09]} 14. Bh4 {[%clk 1:11:03]} e5 {[%clk
1:10:35]} 15. fxe5 {[%clk 1:07:10]} dxe5 {[%clk 1:10:49]} 16. Rf1 {[%clk
0:59:43]} b5 {[%clk 1:08:54]} 17. Nd5 {[%clk 0:48:56]} Nxd5 {[%clk 1:08:00]} 18.
Rxd5 {[%clk 0:49:09]} Nb6 {[%clk 1:07:48]} 19. Rc5 {[%clk 0:49:05]} Qd6 {[%clk
1:08:04]} 20. Rd1 {[%clk 0:46:52]} Qe6 {[%clk 1:08:25]} 21. Rc7 {[%clk 0:43:16]}
Rac8 {[%clk 0:55:47]} 22. Ra7 {[%clk 0:42:48]} Nc4 {[%clk 0:53:54]} 23. Bf2
{[%clk 0:34:45]} Qf6 {[%clk 0:51:58]} 24. Qf3 {[%clk 0:33:52]} Qc6 {[%clk
0:50:01]} 25. Rdd7 {[%clk 0:26:27]} Nb6 {[%clk 0:46:05]} 26. Rd2 {[%clk 0:26:54]}
Nc4 {[%clk 0:45:59]} 27. Rdd7 {[%clk 0:27:15]} Nb6 {[%clk 0:46:20]} 28. Rd2
{[%clk 0:27:34]} Nc4 {[%clk 0:46:44]} 29. Rd5 {[%clk 0:21:43]} h5 {[%clk
0:42:11]} 30. Bc5 {[%clk 0:20:47]} Bh6+ {[%clk 0:40:16]} 31. Kb1 {[%clk 0:21:14]}
f5 {[%clk 0:33:06]} 32. c3 {[%clk 0:11:19]} fxe4 {[%clk 0:30:22]} 33. Qg3 {[%clk
0:06:45]} Rf1+ {[%clk 0:17:26]} 34. Kc2 {[%clk 0:07:11]} e3 {[%clk 0:17:41]} 35.
Bd6 {[%clk 0:02:32]} Rf6 {[%clk 0:15:37]} 36. Bxe5 {[%clk 0:01:07]} Qxd5 {[%clk
0:15:34]} 37. Bxf6 {[%clk 0:01:26]} Qe4+ {[%clk 0:15:14]} 38. Kd1 {[%clk
0:01:37]} Nxb2+ {[%clk 0:09:56]} 39. Ke1 {[%clk 0:01:08]} Qb1+ {[%clk 0:09:54]}
40. Ke2 {[%clk 0:31:35]} Qd1# {[%clk 0:40:04]} 0-1

[Event "European Women's Championship"]
[Site "Vysoke Tatry"]
[Date "2018.04.19"]
[Round "11"]
[White "Fataliyeva, Ulviyya"]
[Black "Kantane, Anna"]
[Result "1/2-1/2"]
[Board "35"]
[WhiteElo "2361"]
[WhiteTitle "WGM"]
[WhiteCountry "AZE"]
[WhiteFideId "13403052"]
[WhiteEloChange "-3"]
[BlackElo "2266"]
[BlackTitle "WIM"]
[BlackCountry "POL"]
[BlackFideId "1135988"]
[BlackEloChange "3"]

1. e4 {[%clk 1:30:59]} e5 {[%clk 1:30:49]} 2. Nc3 {[%clk 1:31:27]} Nf6 {[%clk
1:31:09]} 3. g3 {[%clk 1:31:55]} d5 {[%clk 1:31:30]} 4. exd5 {[%clk 1:32:23]}
Nxd5 {[%clk 1:31:51]} 5. Bg2 {[%clk 1:32:51]} Nb6 {[%clk 1:32:11]} 6. Nf3 {[%clk
1:32:59]} Nc6 {[%clk 1:32:34]} 7. O-O {[%clk 1:33:08]} Bc5 {[%clk 1:32:56]} 8.
Re1 {[%clk 1:32:06]} O-O {[%clk 1:33:17]} 9. d3 {[%clk 1:32:12]} Re8 {[%clk
1:33:03]} 10. Be3 {[%clk 1:31:39]} Bf8 {[%clk 1:24:59]} 11. h3 {[%clk 1:28:12]}
f6 {[%clk 1:20:19]} 12. Nd2 {[%clk 1:28:25]} Be6 {[%clk 1:10:48]} 13. Nde4 {[%clk
1:28:08]} Qd7 {[%clk 1:01:34]} 14. Kh2 {[%clk 1:27:21]} Nd4 {[%clk 0:54:48]} 15.
f4 {[%clk 1:25:52]} exf4 {[%clk 0:54:27]} 16. Bxf4 {[%clk 1:26:14]} Rad8 {[%clk
0:48:09]} 17. Rf1 {[%clk 1:25:50]} Nd5 {[%clk 0:43:52]} 18. Bd2 {[%clk 1:23:52]}
c5 {[%clk 0:30:58]} 19. Ne2 {[%clk 1:19:56]} Bf7 {[%clk 0:23:57]} 20. Nf4 {[%clk
1:11:25]} Nxf4 {[%clk 0:18:32]} 21. Bxf4 {[%clk 1:11:03]} f5 {[%clk 0:14:27]} 22.
Nc3 {[%clk 1:09:58]} b5 {[%clk 0:14:17]} 23. Rf2 {[%clk 1:08:08]} b4 {[%clk
0:09:12]} 24. Nb1 {[%clk 1:08:31]} Ne6 {[%clk 0:08:19]} 25. Be5 {[%clk 1:02:57]}
Nd4 {[%clk 0:07:56]} 26. Bf4 {[%clk 1:03:08]} Ne6 {[%clk 0:05:56]} 27. Be5 {[%clk
1:03:33]} Nd4 {[%clk 0:02:40]} 28. Bf4 {[%clk 1:03:59]} 1/2-1/2